| 000 | 00498nam a2200169Ia 4500 | ||
|---|---|---|---|
| 005 | 20240514015105.0 | ||
| 008 | 240331s9999 xx 000 0 und d | ||
| 020 | _a9789556070507 | ||
| 082 |
_bGSP _a331.94 |
||
| 100 | _aCenter for Policy Alternatives | ||
| 245 | 0 |
_aGSP+and Sri Lanka: _bEconomic, Labor and Human Rights Isuues |
|
| 260 |
_aColombo _bCentre for policy Alternatives & Friedrich Ebert Stiftung _c2008 |
||
| 300 | _avii, 196 p ., | ||
| 650 | _aLaws | ||
| 650 | _aSocial | ||
| 942 | _cL | ||
| 999 |
_c2927 _d2927 |
||